000 00466 a2200145 4500
001 57673
082 _a80279
090 _c35354
_d35354
100 _aOAt media interactive learning
245 _aAircraft general and principles of flight[CD]
_bskills for flight ; JAA/EASA PPL ground examination syllabus
260 _aUK
_bOAT media Interactive learning/ Oxford aviation training
_c2007
300 _ewith 2 pages manual
500 _aCD/DVD
505 _aAerospace
942 _aNUST-CAE
_k80279
999 _c292746
_d292746